| 000 | 00723nam a2200241 i 4500 | ||
|---|---|---|---|
| 001 | 6933 | ||
| 003 | ES-MaACL | ||
| 005 | 20250813234823.0 | ||
| 008 | 900712s1989 sp |||| | spa d | ||
| 020 | _a84-345-8379-8 | ||
| 080 | _a613.2 | ||
| 080 | _a612.39 | ||
| 245 | 0 | 4 |
_aLos alimentos y la salud / _cOrganización Mundial de la Salud. |
| 260 |
_aBarcelona : _bSalvat, _c[1989] |
||
| 300 |
_aVI, 328 p. ; _c19 cm. |
||
| 490 | 1 |
_aBiblioteca científica Salvat ; _v79 |
|
| 650 | 1 | 7 |
_aAlimentos _2embne _99730 |
| 650 | 1 | 4 |
_aNutrición. _915650 |
| 710 | 2 |
_aOrganización Mundial de la Salud. _96070 |
|
| 830 | 0 |
_aBiblioteca científica Salvat ; _v79 _9177703 |
|
| 852 |
_aES-MaACL _jL-14162 |
||
| 999 |
_c6933 _d6933 |
||